| 000 | 01763cam a22004814i 4500 | ||
|---|---|---|---|
| 003 | PE-LiUPU | ||
| 005 | 20250731173252.0 | ||
| 008 | 150625s r 000 0 d | ||
| 035 | _a(Sirsi) a35600 | ||
| 040 |
_aPE-LiUPU _bspa _cPE-LiUPU _erda |
||
| 082 | 0 | 4 |
_a239.3002 _bM26 _221 |
| 110 | 2 | _aPublished for the Classics Club | |
| 245 | 1 | 0 |
_aMarcus Aurelius and his times : _bthe transition from paganism to Christianity, comprising Marcus Aurelius: Meditations; Lucian: Hermotimus, Icaromenippus; Justin Martyr: Dialogue with Trypho, First apology; Walter Pater: Marius the Epicurean (selections) With an introduction by Irwin Edman. |
| 264 | 1 |
_aNew York : _bPub. for the Classics Club by W. J. Black, _c[1945]. |
|
| 300 |
_a306 páginas ; _c20 cm. |
||
| 336 |
_atext _2rdacontent |
||
| 337 |
_aunmediated _2rdamedia |
||
| 338 |
_avolume _2rdacarrier |
||
| 526 | _aSEG42 | ||
| 526 | _aSEG41 | ||
| 526 | _aSEG40 | ||
| 526 | _aSEG39 | ||
| 526 | _aP94 | ||
| 526 | _aP87 | ||
| 526 | _aP86 | ||
| 526 | _aP85 | ||
| 526 | _aP77 | ||
| 526 | _aP76 | ||
| 526 | _aP35 | ||
| 650 | 0 | 4 |
_aFilosofía antigua. _9510 |
| 700 | 1 |
_aMarco Aurelio, _d121-180 |
|
| 700 | 1 | _aLuciano de Samosata | |
| 700 | 1 | _aJustino, mártir | |
| 700 | 1 | _aPater, Walter1839-1894 | |
| 700 | 1 | _aMario | |
| 700 | 1 | _aEdman, Irwin1896-1954. | |
| 910 | _a | ||
| 942 |
_2ddc _cBOOK |
||
| 949 |
_a239.3002 M26 _wDEWEY _c1 _i36431 _lCCODEBUL1 _mBUL _p00.00 _r0 _sY _tBOOK _u2015-06-25 _xBIBLIOTECA _zUNKNOWN _0COMPRA _o.STAFF. Colección General |
||
| 596 | _a1 | ||
| 999 |
_a239.3002 M26 _wDEWEY _c43583 _i36431 _f2021-11-11 _g5 _lCCODEBUL1 _mBUL _r0 _sY _tBOOK _u2015-6-25 _xTEOLOGIA _zUNKNOWN _0COMPRA _o.STAFF. Colección General _d43583 |
||
| 980 |
_81 _gALBERTO SANCHEZ Responsable de Automatización |
||